| 000 | 00613nam a22001697a 4500 | ||
|---|---|---|---|
| 999 |
_c18740 _d18740 |
||
| 008 | 240123b ||||| |||| 00| 0 eng d | ||
| 020 | _a9781774076682 | ||
| 082 |
_22021 _aDC 158.7 _bR126 |
||
| 100 |
_aRaghvan, Aparna. _950791 |
||
| 245 |
_aIntroduction to industrial psychology : _bworking in diverse organizations / _cAparna Raghvan. |
||
| 260 |
_aCanada : _bSociety Publishing, _c©2021. |
||
| 300 |
_axvi, 225 pages : _bcolor illustrations ; _c24 cm. |
||
| 500 | _aIncludes bibliography and index. | ||
| 650 |
_aPsychology, Industrial. _951335 |
||
| 650 |
_aOrganizational change. _951336 |
||
| 942 |
_2ddc _cDC |
||